000
00277nam a2200121Ia 4500
008
230822s1999 xx 000 0 und d
020
_a
81-239-0078-3
041
_a
eng
082
_a
729
245
_a
A BOOK OF HOME PLANS.
260
_b
C.B.S PUBLISHERS
_c
1999
300
_a
229
999
_c
855541
_d
855541